| 000 | 01305cam a22003617a 4500 | ||
|---|---|---|---|
| 003 | CHAP | ||
| 005 | 20220329135341.0 | ||
| 008 | 971013s1994 mx r 00010 spa d | ||
| 010 | _a34885 | ||
| 011 | _a35857 | ||
| 035 | _a39974 | ||
| 040 | _cCHAP | ||
| 082 | 0 | 4 |
_a338.19 _bB33 |
| 100 | 0 | 0 |
_aBassols Batalla, Angel. _910728 |
| 245 | 1 | 3 | _aEl abasto alimentario en las regiones de México |
| 260 |
_aMéxico, D. F. : _bUniversidad Nacional Autónoma de México. Programa Universitario de Alimentos, _c1994 |
||
| 300 | _a298 p. | ||
| 590 |
_aBATCH-UPD _b10 _c20130110 _lUCH01 _h1152 |
||
| 590 |
_aBATCH-UPD _b10 _c20130410 _lUCH01 _h0736 |
||
| 590 |
_aBATCH-UPD _b10 _c20130914 _lUCH01 _h0131 |
||
| 590 |
_aCONVERSION _b10 _c20130109 _lUCH01 _h1320 |
||
| 650 | 1 | 4 |
_aAlimentos _xAbastecimiento _xMexico. _94132 |
| 650 | 1 | 4 |
_aPolítica alimentaria _xMéxico. _990410 |
| 650 | 1 | 4 |
_aProductos agrícolas _xMercadeo _zMéxico. _991999 |
| 650 | 1 | 4 |
_aProductos agrícolas _xTransporte. _992035 |
| 700 | 0 |
_aDelgadillo, Javier. _931586 |
|
| 700 | 0 |
_aTorres, Felipe. _9114286 |
|
| 790 | 0 | _aCentral de abastos | |
| 901 | _aBK | ||
| 942 | _cLIBRO | ||
| 949 |
_a338.19 B33 _bBC _cLIBRO _d33724000643516 _eLIBRO _h92156 _i39974 _si |
||
| 949 |
_a338.19 B33 _bBC _cLIBRO _d33724000765897 _eLIBRO _fc.2 _gI. c/e _h97231 _i39974 _si _t48.00 |
||
| 999 |
_c34885 _d34885 |
||